000 01745nam0a2200349 4500
001 RU\NLR\bibl\1126749
005 20260408184606.0
010 _a5-94688-004-3
_9300
035 _a(NLR Aleph) 001113686
090 _a1254140
_c1254140
100 _a20070911d2007 u y0rusy50 ca
101 0 _arus
_deng
102 _aRU
105 _aa |||||||||
200 1 _aИнформация и периодическая система элементарных частиц
_fА.А. Назаров
_gФедер. гос. унитар. предприятие "НИИ "Новатор" с опыт. заводом" [и др.]
210 _aМирный
_aПлесецк
_cГУП "Плесецкая типография"
_d2007
215 _a122 с.
_cил.
_d22
300 _aВ надзаг. также: Науч.-произв. коммерч. фирма "ВИКОМ", Эксперим. науч.-опытно-произв. предприятие "ЭККОЛА"
300 _aРез. на англ. яз.
300 _a300-летию со дня рождения М.В. Ломоносова посвящ.
316 _aС автогр. авт.
_5NLR
316 _aавтограф
_5NLR:2007-5/7224
320 _aБиблиогр. в подстроч. примеч.
606 1 _aДополнительности принцип
_91006302
_3RU\NLR\auth\66382444
606 _aПространство (физ.)
_3RU\NLR\auth\661139312
_91869046
686 _aВ31
700 1 _4070
_8rus
_7ca
_aНазаров
_bА. А.
_f1948-
_cматематик
_gАлександр Александрович
_3RU\NLR\auth\7756281
_939213
801 0 _aRU
_bNLR
_c20070911
_gRCR
801 1 _aRU
_bNLR
_c20070911
942 _cBOOK
980 _aNB